| 000 | 00539 a2200169 4500 | ||
|---|---|---|---|
| 020 |
_a0007121121 _c575.60 |
||
| 035 | _aB-211577 | ||
| 037 | _bRP-ZLS-2783 / UBH-07-08:6 / RP-07-08:ENG | ||
| 082 | 1 | 4 | _aN |
| 090 |
_c5075 _d5075 |
||
| 100 | 1 | _aChristies, Agatha | |
| 245 | 1 |
_aCurtain _cby Agatha Christies _bpoirot's last case |
|
| 260 |
_aLondon _bHarper Collins Publishers _c2002 |
||
| 300 |
_a284 p _c18 cm (pbk) |
||
| 942 |
_adpl _cEN _kN / CHI |
||
| 999 |
_c4978 _d4978 |
||